|
|
|
|
| LEADER |
00000nam a2200000 a 4500 |
| 001 |
vtls001483580 |
| 003 |
SK-MaSNL |
| 005 |
20260302073708.0 |
| 008 |
171201s2000 gw oja g f 00100dger |
| 020 |
|
|
|a 3484350806
|q (brož.)
|
| 035 |
|
|
|a SNK000438874
|
| 040 |
|
|
|a SNK
|b slo
|c SNK
|e AACR2
|
| 072 |
|
7 |
|a 930
|x Historická veda. Pomocné vedy historické. Archívnictvo
|2 konspekt
|
| 072 |
|
7 |
|a 929.5/.9
|a Genealógia. Heraldika. Šľachta. Vlajky
|2 konspekt
|
| 080 |
|
|
|a 94(100)"1200/1800"
|2 MDT-MRF
|
| 080 |
|
|
|a (048.8)
|2 MDT-MRF
|
| 245 |
0 |
0 |
|a Genealogie als Denkform in Mittelalter und Früher Neuzeit
|c herausgegeben von Kilian Heck und Bernhard Jahn
|
| 260 |
|
|
|a Tübingen
|b Max Niemeyer
|c 2000
|
| 300 |
|
|
|a viii, 264 s.
|b fotogr., ilustr.
|c 23 cm
|
| 490 |
1 |
|
|a Studien und Texte zur Sozialgeschichte der Literatur
|x 0174-4410
|v Bd. 80
|
| 648 |
|
7 |
|a 1200-1800
|2 SNKPH
|9 335111
|
| 650 |
0 |
7 |
|a genealógia
|2 SNKPH
|9 4978
|
| 655 |
|
7 |
|a štúdie
|2 SNKPH
|9 57033
|
| 700 |
1 |
|
|a Heck, Kilian
|4 edt
|9 738427
|
| 700 |
1 |
|
|a Jahn, Bernhard
|4 edt
|9 738428
|
| 830 |
|
0 |
|a Studien und Texte zur Sozialgeschichte der Literatur
|9 637986
|
| 919 |
|
|
|a 3-484-35080-6
|
| 999 |
|
|
|c 1161986
|d 1163916
|
| 952 |
|
|
|t P60, <04>, [BOOK], {604}, -K-
|a SNK
|b SNK
|y VYP
|7 0
|p 17A0453472
|o snkIC 131851
|i snkV 1696/2004
|8 2
|g 82.29
|0 0
|1 0
|4 0
|d 2004-10-14
|l 0
|r 2005-01-02 00:00:00
|w 2026-02-24
|